| 000 | 00543 a2200181 4500 | ||
|---|---|---|---|
| 999 |
_c2923 _d2923 |
||
| 020 | _a0534006302 : | ||
| 050 | 0 | 0 | _aH62 62 BAB 1979 |
| 100 | 1 | _aBabbie, Earl R. | |
| 245 | 1 | 4 |
_aThe practice of social research / _cEarl R. Babbie. |
| 250 | _a2nd ed. | ||
| 264 |
_aCalifornia: _bWadsworth publishing . _c1979 |
||
| 300 |
_axxvii, 596 p. : _bill. ; |
||
| 500 | _aIncludes index. | ||
| 504 | _aIncludes bibliographies and index. | ||
| 650 | 0 |
_aSocial sciences _xResearch. |
|
| 650 | 0 |
_aSocial sciences _xMethodology. |
|
| 942 |
_2lcc _cBK _h62 _iBAB _kH |
||